000 00285nam a22001217a 4500
008 181015b xxu||||| |||| 00| 0 eng d
041 _aeng
080 _a910
100 _a42
101 _aGJE
245 _aPhysical Geogarphy A Landscape Appreciation
_cTom.L.M
942 _2udc
_cBK
999 _c49783
_d49783